Macroeconomics ; the measurement, analysis, and control of aggregate economic activity /
Guardado en:
| Autor Principal: | |
|---|---|
| Otros Autores: | |
| Formato: | Libro |
| Idioma: | English |
| Publicado: |
New York :
McGraw-Hill,
[1972]
|
| Edición: | 4th ed. |
| Materias: | |
| Etiquetas: |
Agregar Etiqueta
Sin Etiquetas, Sea el primero en etiquetar este registro!
|
| LEADER | 00830pam a2200241 a 4500 | ||
|---|---|---|---|
| 001 | EEO.eeo000813 | ||
| 008 | 711112s1972####nyua###g######000#0#eng## | ||
| 005 | 20061123090115.0 | ||
| 245 | 0 | 0 | |a Macroeconomics ; |b the measurement, analysis, and control of aggregate economic activity / |c [by] Thomas F. Dernburg [and] Duncan M. McDougall. |
| 250 | |a 4th ed. | ||
| 260 | |a New York : |b McGraw-Hill, |c [1972] | ||
| 300 | |a xiii, 490 p. : |b il. ; |c 24 cm. | ||
| 020 | |a 0070165254 | ||
| 100 | 1 | |a Dernburg, Thomas Frederick. | |
| 700 | 1 | |a McDougall, Duncan M. | |
| 082 | 0 | 0 | |a 339.2 |
| 650 | 7 | |a Macroeconomía. |2 Isoc | |
| 650 | 7 | |a Teoría económica. |2 Isoc | |
| 650 | 7 | |a Pensamiento económico. |2 Isoc | |
| 010 | |a 78038306 | ||
| 040 | |a DLC |c DLC |d DLC | ||
| 050 | 0 | 0 | |a HB601 |b .D45 1972 |
| 859 | |a AR-BaUEB |b BIB. ECONOMIA - General |h 339 |i D446a4 |p e06585 | ||
